000 01821nam a2200529 i 4500
001 46518
003 KOSZ 005
005 20211029084943.0
008 040629s2004 pl a f |000 0 pol
015 _aPB 2004/13174
020 _a8370857760
035 _a991024157029705066
035 _a(PL-WaBN)b16591793-48omnis_nlop
035 _ab16591793
035 _a(OCoLC)749322394
035 _a(PL)b0000001659179
035 _a(EXLNZ-48OMNIS_NETWORK)9910237228205606
040 _aWA N
_cWA N
_dKOSZ 005/HR
041 0 _apol
080 _a681.5:004:621.38
080 _a621.791/.049.77
080 _a795
080 _a661.6
100 1 _aDziuban, Jan A.
_d(1951- )
_eAutor
245 1 0 _aTechnologia i zastosowanie mikromechanicznych struktur krzemowych i krzemowo-szklanych w technice mikrosystemów /
_cJan A. Dziuban.
250 _aWyd. 2 popr.
260 _aWrocław :
_bOficyna Wydawnicza Politechniki Wrocławskiej,
_c2004.
300 _a340 s. :
_bfot. (w tym kolor.), rys., tab., wykr. ;
_c24 cm.
336 _2rdacontent
_aTekst
_btxt
337 _2rdamedia
_aBe urządzenia pośredniczącego
_bn
338 _2rdacarrier
_aWolumin
_bnc
380 _aKsiążki
388 _a2001-
504 _aBibliogr. przy rozdz.
650 7 _aAnalogowy układ elektroniczny
_2DBN
650 7 _aMikroelektronika
_2DBN
650 7 _aSzkło
_2DBN
650 7 _aUkład cyfrowy
_2DBN
658 _aInżynieria i technika
650 7 _aMechatronika
_2DBN
650 7 _aCzujniki
_2DBN
650 7 _aKrzem
_2DBN
710 2 _aOficyna Wydawnicza Politechniki Wrocławskiej
_4pbl
856 _uhttp://koha.tu.koszalin.pl/cgi-bin/koha/opac-detail.pl?biblionumber=46518
_yKatalog online BPK
942 _2UKD
_cKS
999 _c46518
_d46518